[Event "PAR-ch sf"]
[Site "Asuncion"]
[Date "2019.09.07"]
[Round "2"]
[White "Encina, Alfred"]
[Black "Mayeregger, Arnold"]
[Result "0-1"]
[WhiteElo "1801"]
[BlackElo "2035"]
[PlyCount "128"]
[EventDate "2019.09.06"]
[EventType "swiss"]
[EventRounds "9"]
[EventCountry "PAR"]
[SourceTitle "EXT 2020"]
[Source "ChessBase"]
[SourceDate "2019.10.17"]
[SourceVersion "1"]
[SourceVersionDate "2019.10.17"]
[SourceQuality "1"]

1. c4 f5 2. d4 Nf6 3. Nc3 e6 4. Nf3 Bb4 5. Bd2 0-0 6. a3 Bxc3 7. Bxc3 b6 8. b4 Bb7 9. e3 d6 10. Be2 Nbd7 11. Qc2 Qe7 12. Rc1 Ne4 13. Ba1 a5 14. b5 Rac8 15. Qb2 f4 16. 0-0 Rf7 17. Rcd1 Rcf8 18. Qc2 Ng5 19. d5 e5 20. e4 Nxf3+ 21. Bxf3 Nf6 22. Qe2 Bc8 23. g3 g5 24. g4 h5 25. h3 Rh7 26. Kg2 hxg4 27. hxg4 Qd7 28. Rh1 Rff7 29. Rdg1 Rfg7 30. Kf1 Rxh1 31. Rxh1 Nxg4 32. Bxg4 Qxg4 33. f3 Qg3 34. Qf2 Bh3+ 35. Ke2 g4 36. Qxg3 fxg3 37. fxg4 Bxg4+ 38. Ke3 g2 39. Rg1 Bd1 40. Kf2 Bc2 41. Rxg2 Rxg2+ 42. Kxg2 Bxe4+ 43. Kg3 Kf7 44. Kf2 Bd3 45. Ke3 Bxc4 46. Ke4 Bxb5 47. Bc3 Ba4 48. Be1 Bc2+ 49. Ke3 Ke7 50. Bh4+ Kd7 51. Bf2 Bb3 52. Ke4 Bc4 53. Be3 b5 54. Bd2 a4 55. Bb4 c6 56. dxc6+ Kxc6 57. Bc3 Bb3 58. Bb4 Bc2+ 59. Ke3 d5 60. Kd2 Bf5 61. Ke3 d4+ 62. Kd2 Kd5 63. Ke2 Bg4+ 64. Kd2 e4 0-1

[Event "Asuncion Clasificatorio op 4th"]
[Site "Asuncion"]
[Date "2018.06.10"]
[Round "5"]
[White "Encina, Alfred"]
[Black "Diaz, Fernando"]
[Result "0-1"]
[WhiteElo "1802"]
[BlackElo "2044"]
[PlyCount "106"]
[EventDate "2018.06.08"]
[EventType "swiss"]
[EventRounds "7"]
[EventCountry "PAR"]
[SourceTitle "CBM 184 Extra"]
[Source "ChessBase"]
[SourceDate "2018.06.28"]
[SourceVersion "1"]
[SourceVersionDate "2018.06.28"]
[SourceQuality "1"]

1. d4 Nf6 2. Bf4 c5 3. e3 e6 4. c3 b6 5. Na3 a6 6. Nc4 d5 7. Nd2 Bd7 8. Ngf3 Be7 9. h3 0-0 10. Bd3 Bb5 11. Qe2 Bxd3 12. Qxd3 c4 13. Qe2 Nc6 14. 0-0 b5 15. e4 dxe4 16. Nxe4 Qd5 17. Nxf6+ Bxf6 18. Rfd1 Qf5 19. Bg3 Rfc8 20. Ne5 Bxe5 21. dxe5 Ne7 22. Rd4 Nd5 23. Rad1 h6 24. Bh2 a5 25. g4 Qg5 26. f4 Qe7 27. Bg3 b4 28. Rxc4 bxc3 29. bxc3 Nxc3 30. Rxc8+ Rxc8 31. Qa6 Qc7 32. Re1 Nxa2 33. f5 Nb4 34. Qe2 a4 35. f6 Qc2 36. Qf3 Qc5+ 37. Bf2 Qd5 38. Qg3 Qd3 39. Qg2 Nd5 40. g5 hxg5 41. Qxg5 Qg6 42. Qxg6 fxg6 43. fxg7 a3 44. Ra1 Ra8 45. Bc5 a2 46. Kf2 Rc8 47. Bd4 Rc2+ 48. Kf3 Kxg7 49. Kg3 Rd2 50. Bf2 Nc3 51. Be1 Ne2+ 52. Kf3 Rc2 53. Ke3 Nc1 0-1

[Event "Asuncion Clasificatorio op 4th"]
[Site "Asuncion"]
[Date "2018.06.09"]
[Round "3"]
[White "Alarcon, Jose"]
[Black "Encina, Alfred"]
[Result "1-0"]
[WhiteElo "2039"]
[BlackElo "1802"]
[PlyCount "45"]
[EventDate "2018.06.08"]
[EventType "swiss"]
[EventRounds "7"]
[EventCountry "PAR"]
[SourceTitle "CBM 184 Extra"]
[Source "ChessBase"]
[SourceDate "2018.06.28"]
[SourceVersion "1"]
[SourceVersionDate "2018.06.28"]
[SourceQuality "1"]

1. d4 Nf6 2. Nf3 e6 3. g3 b6 4. Bg2 Bb7 5. 0-0 Be7 6. c4 0-0 7. d5 Qc8 8. Nc3 d6 9. Bh3 Re8 10. Nd4 Bd8 11. e4 c5 12. Nf3 Qd7 13. Re1 Qe7 14. Bf4 e5 15. Bg5 Nbd7 16. Nh4 a6 17. a4 Nf8 18. Qf3 Bc8 19. Bxc8 Rxc8 20. Nf5 Qd7 21. Nd1 Kh8 22. Nde3 Ng6 23. Red1 1-0

[Event "Asuncion Clasificatorio op 3rd"]
[Site "Asuncion"]
[Date "2017.02.26"]
[Round "5"]
[White "Benitez Galeano, Alejandro"]
[Black "Encina, Alfred"]
[Result "0-1"]
[WhiteElo "2089"]
[BlackElo "1799"]
[PlyCount "126"]
[EventDate "2017.02.24"]
[EventType "swiss"]
[EventRounds "7"]
[EventCountry "PAR"]
[SourceTitle "CBM 177 Extra"]
[Source "ChessBase"]
[SourceDate "2017.04.27"]
[SourceVersion "1"]
[SourceVersionDate "2017.04.27"]
[SourceQuality "1"]

1. e4 c5 2. Nf3 Nc6 3. g3 g6 4. Bg2 Bg7 5. 0-0 e5 6. c3 Nge7 7. d3 0-0 8. Nbd2 d6 9. a3 a5 10. a4 h6 11. Nc4 Be6 12. Nfd2 b6 13. Ne3 d5 14. exd5 Nxd5 15. Ndc4 Nde7 16. Re1 Qc7 17. Qe2 Rad8 18. Na3 Qd7 19. Rd1 Bb3 20. Rd2 Be6 21. Nb5 f5 22. Nc4 Rb8 23. Nba3 Bd5 24. Bxd5+ Nxd5 25. Nb5 f4 26. f3 fxg3 27. hxg3 Qf5 28. Kg2 Qg5 29. Kf2 Rxf3+ 30. Qxf3 Rf8 31. Qxf8+ Bxf8 32. Kg2 Nf4+ 33. Kh2 Qh5+ 34. Kg1 Qg4 35. Kf2 Nh5 36. Ke1 Qxg3+ 37. Kd1 Be7 38. Kc2 Nf4 39. Nbd6 Bxd6 40. Nxd6 Ne7 41. Ne4 Qf3 42. Rd1 Nf5 43. Bxf4 exf4 44. Re1 Ne3+ 45. Kd2 g5 46. Rg1 g4 47. Rae1 Kf7 48. Re2 Kg6 49. Rf2 Nc4+ 50. Kc2 Ne3+ 51. Kd2 Qh3 52. Re1 Ng2 53. Rg1 Qe3+ 54. Kc2 f3 55. Rff1 h5 56. Nf2 Qe2+ 57. Kb1 g3 58. Nh3 Qxd3+ 59. Ka1 Kh6 60. Rh1 Ne3 61. Rc1 Qe4 62. b3 f2 63. Kb2 f1Q 0-1

[Event "PAR-ch op"]
[Site "Asuncion"]
[Date "2016.10.26"]
[Round "7"]
[White "Encina, Alfred"]
[Black "Heinechen, Juan"]
[Result "1-0"]
[WhiteElo "1748"]
[BlackElo "2111"]
[PlyCount "61"]
[EventDate "2016.10.21"]
[EventType "swiss"]
[EventRounds "9"]
[EventCountry "PAR"]
[SourceTitle "EXT 2018"]
[Source "ChessBase"]
[SourceDate "2017.10.13"]
[SourceVersion "1"]
[SourceVersionDate "2017.10.13"]
[SourceQuality "1"]

1. c4 e6 2. e4 b6 3. Nc3 Bb7 4. d4 d6 5. Nf3 Nd7 6. Bd3 c5 7. d5 e5 8. Be3 g6 9. Qd2 Bg7 10. Bg5 f6 11. Be3 h6 12. Qe2 Ne7 13. Nh4 Bc8 14. g3 0-0 15. f4 f5 16. Ng2 exf4 17. gxf4 fxe4 18. Nxe4 Nf5 19. 0-0 Nxe3 20. Nxe3 Nf6 21. Ng3 Bh3 22. Bxg6 Bxf1 23. Rxf1 Ne8 24. Nef5 Qf6 25. Rf2 Qxg6 26. Ne7+ Kh7 27. Nxg6 Kxg6 28. f5+ Kh7 29. Nh5 Bd4 30. Qe7+ Kh8 31. Qxf8+ 1-0

[Event "Asuncion Semana Santa op"]
[Site "Asuncion"]
[Date "2016.03.27"]
[Round "7"]
[White "Krauss, Victor Fernando"]
[Black "Encina, Alfred"]
[Result "0-1"]
[WhiteElo "1549"]
[BlackElo "1712"]
[PlyCount "90"]
[EventDate "2016.03.24"]
[EventType "swiss"]
[EventRounds "7"]
[EventCountry "PAR"]
[SourceTitle "EXT 2017"]
[Source "ChessBase"]
[SourceDate "2016.10.25"]
[SourceVersion "1"]
[SourceVersionDate "2016.10.25"]
[SourceQuality "1"]

1. e4 c5 2. Nf3 g6 3. d4 Bg7 4. Bc4 cxd4 5. Nxd4 Nc6 6. Nb3 Nf6 7. Nc3 0-0 8. Be3 a6 9. f3 b5 10. Be2 d6 11. 0-0 Bb7 12. a3 Qc7 13. Qe1 Rfd8 14. Rd1 Ne5 15. Qh4 d5 16. exd5 Bxd5 17. Bh6 Bc4 18. Bxg7 Kxg7 19. Qf2 Bxe2 20. Qxe2 Nc4 21. Rde1 Nxb2 22. Ne4 Nc4 23. Nbc5 Rd5 24. Kh1 Nxe4 25. Nxe4 Rad8 26. h4 h6 27. Rd1 f5 28. Rxd5 Rxd5 29. Nc3 Rd2 30. Qe6 Qd6 31. Qxd6 exd6 32. Nb1 Rxc2 33. Kh2 Ne3 34. Re1 f4 35. Kh3 d5 36. g3 g5 37. gxf4 gxf4 38. Rg1+ Kf6 39. h5 Nf5 40. Rg6+ Ke5 41. Rxa6 d4 42. Rb6 Rb2 43. a4 Rxb1 44. axb5 Nd6 45. Rb8 d3 0-1

[Event "Asuncion op"]
[Site "Asuncion"]
[Date "2015.10.13"]
[Round "5"]
[White "Ocampos, Martin Carlos"]
[Black "Encina, Alfred"]
[Result "1-0"]
[WhiteElo "1739"]
[BlackElo "1806"]
[PlyCount "103"]
[EventDate "2015.10.08"]
[EventType "swiss"]
[EventRounds "9"]
[EventCountry "PAR"]
[SourceTitle "CBM 168 Extra"]
[Source "ChessBase"]
[SourceDate "2015.10.29"]
[SourceVersion "1"]
[SourceVersionDate "2015.10.29"]
[SourceQuality "1"]

1. e4 e5 2. Nf3 Nc6 3. Bb5 a6 4. Bxc6 bxc6 5. d4 exd4 6. Qxd4 Nf6 7. Bg5 Be7 8. e5 Nd5 9. Bxe7 Qxe7 10. 0-0 0-0 11. c3 Rb8 12. b3 Bb7 13. c4 c5 14. Qd3 Nb4 15. Qc3 Bxf3 16. gxf3 Rb6 17. Kh1 Nc2 18. Qxc2 Qxe5 19. Nc3 Rh6 20. f4 Qxf4 21. f3 c6 22. Rae1 Re6 23. Ne2 Qf6 24. Ng3 Rxe1 25. Rxe1 Qxf3+ 26. Kg1 Qg4 27. Qd1 Qxd1 28. Rxd1 d5 29. cxd5 Rd8 30. d6 Kf8 31. Ne4 f5 32. Nxc5 Kf7 33. d7 Ke7 34. Re1+ Kf7 35. Rd1 Ke7 36. Kf2 g5 37. Nxa6 Rxd7 38. Rxd7+ Kxd7 39. Nc5+ Kd6 40. Nd3 h5 41. a4 h4 42. Ne1 g4 43. Ke3 Kc5 44. Kf4 Kb4 45. Kxf5 g3 46. h3 c5 47. Kg4 Kxb3 48. Kxh4 Kxa4 49. Kxg3 Kb5 50. Kf4 Kc6 51. Kf5 Kd7 52. Kf6 1-0

[Event "Asuncion op"]
[Site "Asuncion"]
[Date "2015.10.11"]
[Round "4"]
[White "Encina, Alfred"]
[Black "Sanchez Morel, Araceli"]
[Result "1-0"]
[WhiteElo "1806"]
[BlackElo "1225"]
[PlyCount "59"]
[EventDate "2015.10.08"]
[EventType "swiss"]
[EventRounds "9"]
[EventCountry "PAR"]
[SourceTitle "CBM 168 Extra"]
[Source "ChessBase"]
[SourceDate "2015.10.29"]
[SourceVersion "1"]
[SourceVersionDate "2015.10.29"]
[SourceQuality "1"]

1. d4 Nf6 2. Nf3 e6 3. e3 c5 4. Bd3 Nc6 5. 0-0 Be7 6. b3 0-0 7. c4 cxd4 8. exd4 d5 9. Nc3 dxc4 10. bxc4 a6 11. Be3 Qc7 12. a3 e5 13. d5 Nd4 14. Bxd4 exd4 15. Nxd4 Nxd5 16. Nxd5 Qe5 17. Re1 Qg5 18. Nxe7+ Kh8 19. Nxc8 Raxc8 20. Nf3 Qf6 21. Qb3 b5 22. cxb5 Rc3 23. Qb4 Rd8 24. Bf1 axb5 25. Qxb5 Rcc8 26. Rad1 Rb8 27. Rxd8+ Qxd8 28. Qe5 Qf8 29. a4 f6 30. Qe7 1-0

[Event "Asuncion Clasificatorio op 4th"]
[Site "Asuncion"]
[Date "2015.08.16"]
[Round "5.4"]
[White "Heinechen, Juan"]
[Black "Encina, Alfred"]
[Result "1/2-1/2"]
[WhiteElo "1835"]
[BlackElo "1889"]
[PlyCount "59"]
[EventDate "2015.08.14"]
[EventType "swiss"]
[EventRounds "7"]
[EventCountry "PAR"]
[SourceTitle "EXT 2023"]
[Source "ChessBase"]
[SourceDate "2022.10.05"]
[SourceVersion "1"]
[SourceVersionDate "2022.10.05"]
[SourceQuality "1"]

1. e4 c5 2. Nc3 Nc6 3. Nf3 g6 4. d4 cxd4 5. Nxd4 Bg7 6. Be3 Nf6 7. Bc4 0-0 8. f3 Qb6 9. Bb3 Nxe4 10. Nd5 Qa5+ 11. c3 Nc5 12. Nxc6 dxc6 13. Nxe7+ Kh8 14. Nxc8 Nxb3 15. Qxb3 Raxc8 16. 0-0 Rce8 17. Bf2 b6 18. Rfe1 Qf5 19. Qa4 Qd7 20. Rad1 Rxe1+ 21. Bxe1 Qb7 22. Bf2 h6 23. Rd6 Rc8 24. Bg3 Kh7 25. Qc4 Rc7 26. a3 Rd7 27. h3 Rxd6 28. Bxd6 Qd7 29. Qf4 Qe6 30. Qd2 1/2-1/2